[Event "9. Lichtenberger Sommer 2010"]
[Site "Berlin"]
[Date "2010.08.13"]
[Round "7.18"]
[White "Albrecht, Rainer"]
[Black "Höckendorf, Hartmut"]
[Result "1/2-1/2"]
[WhiteElo "2141"]
[BlackElo "2232"]
[PlyCount "43"]
[EventDate "2010.??.??"]
[WhiteTeam "SC Kreuzberg e.V."]
[BlackTeam "BSG Pneumant Fürstenwalde e.V."]

1. d4 Nf6 2. c4 Nc6 3. Nc3 e5 4. d5 Ne7 5. Nf3 d6 6. Bg5 h6 7. Bxf6 gxf6 8. g3
Bg7 9. Bg2 f5 10. O-O Ng6 11. Qa4+ Bd7 12. Qa3 b6 13. Rad1 e4 14. Nd4 Ne5 15.
b3 h5 16. h3 h4 17. f4 exf3 18. exf3 hxg3 19. f4 Ng6 20. Qc1 Kf8 21. Nce2 Rh4
22. Qe3 1/2-1/2

[Event "9. Lichtenberger Sommer 2010"]
[Site "Berlin"]
[Date "2010.08.13"]
[Round "7.19"]
[White "Schulz, Stefanie"]
[Black "Dimitrijeski, Kristian"]
[Result "0-1"]
[WhiteElo "2083"]
[BlackElo "2229"]
[PlyCount "88"]
[EventDate "2010.??.??"]
[WhiteTeam "SK König Tegel 1949 e.V."]
[BlackTeam "SK König Tegel 1949 e.V."]

1. c4 c6 2. d4 d5 3. e3 Nf6 4. Nc3 g6 5. Bd3 Bg7 6. Qb3 O-O 7. Nf3 dxc4 8. Bxc4
Qb6 9. Qxb6 axb6 10. O-O Nbd7 11. Bd2 b5 12. Bd3 Nb6 13. Ne4 Nxe4 14. Bxe4 Be6
15. a3 Bd5 16. Bxd5 Nxd5 17. Rac1 Rfc8 18. Rc2 e6 19. Rfc1 Re8 20. h3 f5 21.
Ne5 Bxe5 22. dxe5 Ra4 23. f4 Rd8 24. Kf2 Kf7 25. Kf3 h5 26. g4 hxg4+ 27. hxg4
Rh8 28. gxf5 gxf5 29. Kg3 Raa8 30. Kf3 Rag8 31. Ke2 Rh3 32. Rf1 Rgg3 33. Rc3
Nxc3+ 34. bxc3 Rg2+ 35. Rf2 Rxf2+ 36. Kxf2 Rh1 37. Be1 Rh2+ 38. Kf3 Ra2 39. Bh4
Rxa3 40. Be1 c5 41. Ke2 c4 42. Kd2 Ra2+ 43. Kd1 Kg6 44. Bh4 Kh5 0-1

[Event "9. Lichtenberger Sommer 2010"]
[Site "Berlin"]
[Date "2010.08.13"]
[Round "7.20"]
[White "Guenther, Thomas"]
[Black "Förster, Jonas"]
[Result "0-1"]
[WhiteElo "2096"]
[BlackElo "2204"]
[PlyCount "74"]
[EventDate "2010.??.??"]
[WhiteTeam "SV Senat"]
[BlackTeam "SSC Rostock 07"]

1. d4 Nf6 2. c4 g6 3. Nc3 d5 4. cxd5 Nxd5 5. e4 Nxc3 6. bxc3 Bg7 7. Be3 Nd7 8.
Qd2 O-O 9. Bd3 c5 10. Nf3 Qa5 11. O-O Rd8 12. Rfc1 Nb6 13. Qe2 Bg4 14. e5 Rac8
15. Be4 Nd5 16. Qb2 Nxe3 17. fxe3 Rc7 18. h3 Be6 19. Ng5 Bh6 20. h4 Bc4 21. Qf2
Rf8 22. Qg3 Bxg5 23. hxg5 cxd4 24. exd4 e6 25. Rab1 Bd5 26. Bxd5 Qxd5 27. Rb3
b6 28. Qh4 Qa5 29. Qf2 Rc4 30. Rc2 Qd5 31. Qf4 Rfc8 32. Rf2 R8c7 33. Rf3 b5 34.
Rh3 Ra4 35. Qh4 f5 36. gxf6 Rxa2 37. c4 Qxg2# 0-1

[Event "9. Lichtenberger Sommer 2010"]
[Site "Berlin"]
[Date "2010.08.13"]
[Round "7.21"]
[White "Sabrowski, Uwe"]
[Black "Simon, Ralf-Axel"]
[Result "1/2-1/2"]
[WhiteElo "2080"]
[BlackElo "2206"]
[PlyCount "75"]
[EventDate "2010.??.??"]
[WhiteTeam "SC Friesen Lichtenberg e.V."]
[BlackTeam "TSG Neuruppin"]

1. d4 d5 2. Nf3 e6 3. c4 Nf6 4. Nc3 c6 5. e3 Nbd7 6. Qc2 h6 7. Bd3 dxc4 8. Bxc4
b5 9. Bd3 Bb7 10. O-O a6 11. a4 b4 12. Ne4 c5 13. Rd1 Qc8 14. Bd2 cxd4 15.
Qxc8+ Rxc8 16. Nxf6+ Nxf6 17. Nxd4 Bd6 18. a5 O-O 19. Ra4 e5 20. Nf5 Bc5 21.
Rxb4 Bxb4 22. Bxb4 Rcd8 23. Bxf8 Kxf8 24. Be2 Rb8 25. f3 Bc6 26. Rd6 Bd7 27.
Ng3 Rxb2 28. Rxa6 Nd5 29. Rd6 Be6 30. a6 Ra2 31. Kf2 Nc3 32. Rc6 Nxe2 33. Nxe2
Bd7 34. Rb6 Ke7 35. e4 Kd8 36. Ke3 Ra3+ 37. Kd2 Bc8 38. Nc3 1/2-1/2

[Event "9. Lichtenberger Sommer 2010"]
[Site "Berlin"]
[Date "2010.08.13"]
[Round "7.22"]
[White "Thier, Jürgen"]
[Black "Meißner, Hans-Jürgen"]
[Result "1-0"]
[WhiteElo "2073"]
[BlackElo "2255"]
[PlyCount "53"]
[EventDate "2010.??.??"]
[WhiteTeam "SF Heidelberg"]
[BlackTeam "SV Empor Berlin e.V."]

1. Nf3 Nf6 2. c4 g6 3. Nc3 Bg7 4. e4 d6 5. d4 O-O 6. h3 e5 7. d5 a5 8. Bg5 Na6
9. Be2 Qe8 10. g4 Nd7 11. Nh4 Bf6 12. Qd2 Qe7 13. Bxf6 Qxf6 14. g5 Qe7 15. Bg4
Nb6 16. Bxc8 Rfxc8 17. b3 a4 18. Nf3 axb3 19. axb3 Nc5 20. Rb1 Ra3 21. Qc2 Rca8
22. h4 c6 23. Nd2 Qd8 24. Ke2 Nbd7 25. b4 Na4 26. Rb3 Ra2 27. Nxa2 1-0

[Event "9. Lichtenberger Sommer 2010"]
[Site "Berlin"]
[Date "2010.08.13"]
[Round "7.23"]
[White "Kramer, Wolfgang"]
[Black "Kurz, Christian"]
[Result "1/2-1/2"]
[WhiteElo "2034"]
[BlackElo "2133"]
[PlyCount "36"]
[EventDate "2010.??.??"]
[WhiteTeam "SG Schönbuch"]
[BlackTeam "SC Bechhofen 1923 e.V."]

1. e4 e6 2. d4 c5 3. Nf3 cxd4 4. Nxd4 Nf6 5. Bd3 a6 6. Nc3 Qc7 7. Qe2 d6 8. Bg5
Be7 9. f4 Nc6 10. Nxc6 bxc6 11. e5 Nd5 12. Nxd5 cxd5 13. Bxe7 Qxe7 14. O-O g6
15. Rf3 h5 16. exd6 Qxd6 17. f5 e5 18. c4 d4 1/2-1/2

[Event "9. Lichtenberger Sommer 2010"]
[Site "Berlin"]
[Date "2010.08.13"]
[Round "7.24"]
[White "Jachym, Adam"]
[Black "Rohde, Wolfgang"]
[Result "0-1"]
[WhiteElo "1835"]
[BlackElo "2166"]
[PlyCount "68"]
[EventDate "2010.??.??"]
[WhiteTeam "OKSZ Spolem Opole"]
[BlackTeam "SC Friesen Lichtenberg e.V."]

1. e4 c5 2. Nf3 e6 3. d4 cxd4 4. Nxd4 a6 5. c4 Nf6 6. Nc3 Qc7 7. Be2 Bb4 8. f3
O-O 9. Bg5 Nc6 10. Nxc6 dxc6 11. Qb3 Bc5 12. Bxf6 gxf6 13. O-O-O b5 14. Kb1 e5
15. Qc2 Qb6 16. g4 Be6 17. h4 Rfd8 18. g5 Be7 19. Qc1 Rxd1 20. Rxd1 Rd8 21. Rh1
f5 22. h5 f4 23. g6 fxg6 24. hxg6 hxg6 25. Rh6 Bf7 26. Qh1 Bf6 27. Qg2 Kg7 28.
Rh1 Rd2 29. Qh3 Kf8 30. Qc8+ Qd8 31. Qxc6 b4 32. Qc5+ Qe7 33. Qc8+ Rd8 34. Qh3
bxc3 0-1

[Event "9. Lichtenberger Sommer 2010"]
[Site "Berlin"]
[Date "2010.08.13"]
[Round "7.25"]
[White "Groß, Thorsten"]
[Black "Schmidt, Jürgen"]
[Result "1-0"]
[WhiteElo "2163"]
[BlackElo "2017"]
[PlyCount "123"]
[EventDate "2010.??.??"]
[WhiteTeam "SC Weisse Dame e.V."]
[BlackTeam "SC Kreuzberg e.V."]

1. e4 e5 2. Nf3 Nc6 3. Bb5 a6 4. Ba4 Nf6 5. d4 exd4 6. e5 Ne4 7. O-O Nc5 8.
Bxc6 dxc6 9. Nxd4 Ne6 10. Nf5 Qxd1 11. Rxd1 Bd7 12. Be3 O-O-O 13. Nc3 h6 14.
Ne4 Nf4 15. Rxd7 Rxd7 16. Bxf4 g6 17. Nfg3 Be7 18. Kf1 h5 19. Ke2 h4 20. Nf1
Rg8 21. Ng5 f6 22. exf6 Bxf6 23. c3 Re8+ 24. Ne3 Rd5 25. Nh7 Bd8 26. Rd1 Rh5
27. Rxd8+ Rxd8 28. Ng5 Re8 29. Kf3 Rhh8 30. Kg4 b5 31. h3 Rhf8 32. f3 a5 33.
Ne4 b4 34. Bg5 Rxe4+ 35. fxe4 Rf2 36. cxb4 axb4 37. a3 Rxb2 38. axb4 Rxb4 39.
Kf3 Rb3 40. Bxh4 Kd7 41. Kf4 Ke6 42. Bd8 Kd7 43. Bf6 Ke6 44. Bg7 c5 45. h4 c6
46. g4 Rb1 47. h5 gxh5 48. gxh5 Kf7 49. h6 Kg6 50. Kf3 Rb3 51. Ke2 Ra3 52. Kd2
Ra4 53. e5 Rh4 54. Kd3 Rd4+ 55. Kc3 Rh4 56. Nc4 Rh3+ 57. Kc2 Rh2+ 58. Nd2 Kf5
59. Kc3 Rh4 60. Nf3 Rh3 61. Kc4 Kg6 62. Ne1 1-0

[Event "9. Lichtenberger Sommer 2010"]
[Site "Berlin"]
[Date "2010.08.13"]
[Round "7.26"]
[White "Schleich, Theodor"]
[Black "Kuhn, Christian"]
[Result "1-0"]
[WhiteElo "2128"]
[BlackElo "2009"]
[PlyCount "93"]
[EventDate "2010.??.??"]
[WhiteTeam "FC Bayern München e.V."]
[BlackTeam "TSV Amorbach 1863 e.V."]

1. d4 Nf6 2. Bg5 e6 3. e4 h6 4. Bxf6 Qxf6 5. e5 Qd8 6. Nc3 d5 7. Nf3 c5 8. Be2
Nc6 9. Bb5 a6 10. Bxc6+ bxc6 11. O-O cxd4 12. Qxd4 Be7 13. Ne2 O-O 14. Qg4 f5
15. Qg6 Qe8 16. Nf4 Qxg6 17. Nxg6 Rf7 18. Nd4 c5 19. Nb3 c4 20. Nxe7+ Rxe7 21.
Nd4 Rc7 22. Rfc1 Bd7 23. f4 Kf7 24. Kf2 Rb8 25. Rab1 Ke7 26. Ke3 a5 27. b3 Rbc8
28. Kd2 cxb3 29. cxb3 Rxc1 30. Rxc1 Rxc1 31. Kxc1 Kd8 32. Kd2 Kc7 33. Kc3 Kb6
34. a3 Kc5 35. b4+ axb4+ 36. axb4+ Kb6 37. Kd2 Kc7 38. Ke3 Kd8 39. Kf3 Ke7 40.
g4 g6 41. Kg3 Be8 42. Kh4 Bf7 43. gxf5 gxf5 44. b5 Kd7 45. b6 Be8 46. Nb5 Kc6
47. b7 1-0

[Event "9. Lichtenberger Sommer 2010"]
[Site "Berlin"]
[Date "2010.08.13"]
[Round "7.27"]
[White "Hohn, August"]
[Black "Bethe, Stephan"]
[Result "1/2-1/2"]
[WhiteElo "2031"]
[BlackElo "2162"]
[PlyCount "31"]
[EventDate "2010.??.??"]
[WhiteTeam "SC Zugzwang 95 e.V."]
[BlackTeam "SC Kreuzberg e.V."]

1. c4 c5 2. Nc3 b6 3. Nf3 Nf6 4. g3 Bb7 5. Bg2 e6 6. O-O Be7 7. d4 cxd4 8. Nxd4
Bxg2 9. Kxg2 d6 10. e3 a6 11. Qf3 Ra7 12. b3 O-O 13. Ba3 Rd7 14. Rfd1 Qc7 15.
Rac1 Qb7 16. Qxb7 1/2-1/2

[Event "9. Lichtenberger Sommer 2010"]
[Site "Berlin"]
[Date "2010.08.13"]
[Round "7.28"]
[White "Perestjuk, Marko"]
[Black "Major, Vitalij"]
[Result "0-1"]
[WhiteElo "1918"]
[BlackElo "2071"]
[PlyCount "82"]
[EventDate "2010.??.??"]
[WhiteTeam "SC Zitadelle Spandau 1977 e.V."]
[BlackTeam "SC Zitadelle Spandau 1977 e.V."]

1. e4 g6 2. d4 Bg7 3. Nc3 d6 4. f4 Nf6 5. Bc4 c6 6. e5 dxe5 7. fxe5 Nd5 8. Qf3
Be6 9. Nge2 O-O 10. Bd2 a5 11. O-O-O Na6 12. Bxd5 Bxd5 13. Nxd5 cxd5 14. h4 Qd7
15. Qg3 Rfc8 16. Kb1 Nb4 17. Nc3 b5 18. Rc1 Rc4 19. Qf4 Nc6 20. h5 Rxd4 21. Qe3
b4 22. Nb5 Re4 23. Qf2 Nxe5 24. a4 bxa3 25. Nxa3 Rb8 26. Bc3 d4 27. Bd2 Qa4 28.
Ka2 Nc4 29. Rb1 Nxa3 30. b3 Qc6 31. Kxa3 Qxc2 32. hxg6 hxg6 33. Rhf1 f5 34. Qg3
Rb6 35. Rb2 Qc5+ 36. Ka2 a4 37. Rc1 axb3+ 38. Rxb3 Ra6+ 39. Kb1 Qa7 40. Rb8+
Kf7 41. Qb3+ Ree6 0-1

[Event "9. Lichtenberger Sommer 2010"]
[Site "Berlin"]
[Date "2010.08.13"]
[Round "7.29"]
[White "Kanellopoulos, Panayotis"]
[Black "Lerch, Philipp"]
[Result "1-0"]
[WhiteElo "2268"]
[BlackElo "1944"]
[PlyCount "77"]
[EventDate "2010.??.??"]
[WhiteTeam "Patras Chess Club"]
[BlackTeam "SK König Tegel 1949 e.V."]

1. Nf3 f5 2. d3 d6 3. e4 e5 4. Nc3 Nf6 5. exf5 Bxf5 6. d4 e4 7. Nh4 Be6 8. d5
Bd7 9. Bg5 Be7 10. Bc4 O-O 11. h3 h6 12. Be3 Qe8 13. g4 b5 14. Bb3 Nh7 15. Nf5
Bxf5 16. gxf5 Bf6 17. Qg4 Bxc3+ 18. bxc3 Qe5 19. Bd4 Qe7 20. Rg1 Nf6 21. Qg6
Kh8 22. a4 c5 23. dxc6 Nxc6 24. axb5 Nxd4 25. cxd4 d5 26. Kf1 Rac8 27. Ra6 Qd7
28. Kg2 Ng8 29. Kh1 Rf6 30. Qg3 Rxa6 31. bxa6 Nf6 32. Ba4 Qe7 33. Qe5 Qa3 34.
Bb3 Re8 35. Qc7 Re7 36. Qb8+ Kh7 37. Qf8 e3 38. fxe3 Ne4 39. Rxg7+ 1-0

[Event "9. Lichtenberger Sommer 2010"]
[Site "Berlin"]
[Date "2010.08.13"]
[Round "7.30"]
[White "Karpa, Adrian"]
[Black "Heuer, Thomas"]
[Result "1/2-1/2"]
[WhiteElo "1852"]
[BlackElo "2152"]
[PlyCount "91"]
[EventDate "2010.??.??"]
[WhiteTeam "SK Landau"]
[BlackTeam "TSG Neuruppin"]

1. e4 c5 2. Nf3 Nc6 3. d4 cxd4 4. Nxd4 g6 5. c4 Bg7 6. Be3 Nf6 7. Nc3 d6 8. Be2
O-O 9. g4 Bxg4 10. f3 Nxd4 11. Bxd4 Be6 12. Qd2 Rc8 13. b3 Qa5 14. Rd1 a6 15.
Kf2 Rfd8 16. h4 Nh5 17. Bxg7 Kxg7 18. Rdg1 f5 19. Qd4+ Qe5 20. Qxe5+ dxe5 21.
exf5 Bxf5 22. Nd5 e6 23. Nc3 Rd2 24. Rd1 Rcd8 25. Ke3 R2d4 26. Na4 Ng3 27. Rhg1
Nxe2 28. Kxe2 Bd3+ 29. Kf2 Bc2 30. Rde1 Rd2+ 31. Re2 Bd1 32. Rxd2 Rxd2+ 33. Ke3
Rd4 34. Nc5 Kf6 35. Nxb7 Bc2 36. c5 Rd3+ 37. Ke2 Rd7 38. c6 Re7 39. Na5 e4 40.
f4 e5 41. fxe5+ Kxe5 42. Ke3 Bd3 43. a4 Rf7 44. Rg5+ Kd6 45. Kd4 Re7 46. Rd5+
1/2-1/2

[Event "9. Lichtenberger Sommer 2010"]
[Site "Berlin"]
[Date "2010.08.13"]
[Round "7.31"]
[White "Mai, Andreas"]
[Black "Hahlbohm, Matthias"]
[Result "0-1"]
[WhiteElo "1949"]
[BlackElo "2095"]
[PlyCount "162"]
[EventDate "2010.??.??"]
[WhiteTeam "SC Friesen Lichtenberg e.V."]
[BlackTeam "TSG Oberschöneweide e.V."]

1. e4 e6 2. d4 d5 3. Nd2 c5 4. Bb5+ Nc6 5. Ngf3 dxe4 6. Nxe4 cxd4 7. Nxd4 Bd7
8. Bg5 f6 9. Be3 Nxd4 10. Bxd7+ Qxd7 11. Qxd4 Qxd4 12. Bxd4 Nh6 13. O-O-O e5
14. Bc5 Bxc5 15. Nxc5 b6 16. Ne4 Ke7 17. Rd2 Rhd8 18. Rhd1 Rxd2 19. Rxd2 Rc8
20. c3 Nf5 21. b3 Nh4 22. Rd3 f5 23. Nd2 h6 24. Nc4 e4 25. Rd5 Ke6 26. Rd6+ Ke7
27. Rd5 g6 28. Re5+ Kf6 29. Rd5 Nxg2 30. Rd6+ Kg5 31. Ne5 Nh4 32. Kc2 Rc7 33.
a4 Rg7 34. a5 Kf4 35. Re6 bxa5 36. c4 Nf3 37. Rxg6 Rh7 38. Nc6 Nxh2 39. Nd4 Ng4
40. c5 Ke5 41. Ne6 Nf6 42. Ng7 Nd5 43. Kd2 Kf4 44. Ke2 Nc3+ 45. Kd2 Nb5 46. c6
h5 47. Ne6+ Ke5 48. Ng5 Rc7 49. f4+ Kd5 50. Re6 Nd4 51. Re5+ Kxc6 52. Ke3 Rd7
53. Rxa5 h4 54. Ra6+ Kb5 55. Rh6 Nxb3 56. Rxh4 a5 57. Rh8 Rd3+ 58. Kf2 Nd4 59.
Re8 a4 60. Nf7 Rf3+ 61. Ke1 Rxf4 62. Rb8+ Kc5 63. Ra8 a3 64. Ne5 Kb4 65. Rb8+
Kc5 66. Ra8 Rh4 67. Kf1 Rh3 68. Kg2 Rb3 69. Rc8+ Kd5 70. Nc4 a2 71. Ra8 Kxc4
72. Rxa2 Rc3 73. Ra4+ Kd3 74. Kg3 Ne2+ 75. Kf2 f4 76. Ra8 f3 77. Re8 Nd4 78.
Re7 Rc2+ 79. Kg1 Ke3 80. Kh1 Rc1+ 81. Kh2 f2 0-1

[Event "9. Lichtenberger Sommer 2010"]
[Site "Berlin"]
[Date "2010.08.13"]
[Round "7.32"]
[White "Keil, Uwe"]
[Black "Schilke, Michael"]
[Result "1/2-1/2"]
[WhiteElo "2151"]
[BlackElo "1954"]
[PlyCount "94"]
[EventDate "2010.??.??"]
[WhiteTeam "SC Friesen Lichtenberg e.V."]
[BlackTeam "SV Berolina Mitte e.V."]

1. d4 d5 2. Nf3 Nc6 3. g3 Bg4 4. Bg2 e6 5. O-O Nf6 6. h3 Bh5 7. c4 Bd6 8. Nc3
O-O 9. c5 Be7 10. Bf4 Ne4 11. Qb3 Bxf3 12. Bxf3 Nxd4 13. Qxb7 Nxc5 14. Qxc7
Nxf3+ 15. exf3 Qxc7 16. Bxc7 Rfc8 17. Be5 Nd3 18. f4 Bf6 19. Bxf6 gxf6 20. Rab1
Rab8 21. Nd1 Rc2 22. a4 a5 23. f5 d4 24. f4 e5 25. Nf2 Nxf2 26. Rxf2 Rxf2 27.
Kxf2 Rb3 28. h4 h5 29. Rc1 Rxb2+ 30. Kf3 exf4 31. Rc8+ Kg7 32. Rc5 fxg3 33.
Kxg3 d3 34. Rxa5 d2 35. Rd5 Ra2 36. Rd4 Ra3+ 37. Kg2 Rxa4 38. Rxd2 Rxh4 39. Kf3
Rg4 40. Rd6 Rg1 41. Ra6 Rf1+ 42. Ke4 h4 43. Rb6 Rg1 44. Kf4 Rg5 45. Rb3 Kh6 46.
Rb6 Kg7 47. Rb3 Kh6 1/2-1/2

[Event "9. Lichtenberger Sommer 2010"]
[Site "Berlin"]
[Date "2010.08.13"]
[Round "7.33"]
[White "Kapr, Klaus"]
[Black "Galkin, Wladislaw"]
[Result "1-0"]
[WhiteElo "2046"]
[BlackElo "1910"]
[PlyCount "73"]
[EventDate "2010.??.??"]
[WhiteTeam "SC Friesen Lichtenberg e.V."]
[BlackTeam "SC Ladja Roßdorf"]

1. e4 e5 2. Nf3 Nc6 3. Bb5 a6 4. Ba4 Nf6 5. O-O b5 6. Bb3 Be7 7. Re1 d6 8. c3
O-O 9. h3 Na5 10. Bc2 c5 11. d3 Re8 12. Nbd2 Bf8 13. Nf1 g6 14. d4 cxd4 15.
cxd4 Qc7 16. Bg5 Bg7 17. Rc1 Qb6 18. b3 Nc6 19. dxe5 Nxe5 20. Nd4 Bb7 21. Ng3
d5 22. Be3 Qd8 23. f4 Ned7 24. e5 Ne4 25. Bxe4 dxe4 26. Nc6 Bxc6 27. Rxc6 Qa5
28. Rd6 Nf8 29. Re2 Qb4 30. Rd4 Qa3 31. Nxe4 Ne6 32. Rd6 Rec8 33. Rc2 Qb4 34.
Rxc8+ Rxc8 35. Qd3 Qe1+ 36. Kh2 Bh6 37. Rxe6 1-0

[Event "9. Lichtenberger Sommer 2010"]
[Site "Berlin"]
[Date "2010.08.13"]
[Round "7.34"]
[White "Krajewski, Wolfgang"]
[Black "Bandlow, Matthias"]
[Result "1-0"]
[WhiteElo "2098"]
[BlackElo "2004"]
[PlyCount "57"]
[EventDate "2010.??.??"]
[WhiteTeam "SK Zehlendorf e.V."]
[BlackTeam "SC Borussia Friedrichsfelde 1920"]

1. d4 d5 2. c4 e6 3. Nc3 Nf6 4. cxd5 exd5 5. Bg5 Be7 6. e3 O-O 7. Bd3 c6 8. Qc2
h6 9. Bh4 Nbd7 10. Nge2 c5 11. h3 b6 12. O-O-O c4 13. Bf5 a5 14. g4 a4 15. g5
hxg5 16. Bxg5 a3 17. Rhg1 axb2+ 18. Kb1 Re8 19. Bh6 Bf8 20. Nf4 b5 21. Rxg7+
Bxg7 22. Rg1 Qa5 23. Bxg7 Ne4 24. Bxe4 dxe4 25. Be5+ Kf8 26. Bd6+ Re7 27. Nfd5
f5 28. Bxe7+ Kf7 29. Qe2 1-0

[Event "9. Lichtenberger Sommer 2010"]
[Site "Berlin"]
[Date "2010.08.13"]
[Round "7.35"]
[White "Poseck, Steffen"]
[Black "Brauer, Thilo"]
[Result "1/2-1/2"]
[WhiteElo "2064"]
[BlackElo "1830"]
[PlyCount "83"]
[EventDate "2010.??.??"]
[WhiteTeam "BSV 63 Chemie Weißensee"]
[BlackTeam "SC Friesen Lichtenberg e.V."]

1. d4 d6 2. c4 Nf6 3. Nc3 g6 4. Nf3 Bg7 5. Bf4 O-O 6. Qd2 Re8 7. e4 Nbd7 8. Be2
e5 9. dxe5 dxe5 10. Bh6 Bh8 11. h3 c6 12. O-O Qc7 13. Ng5 Nc5 14. Qe3 Ne6 15.
Nxe6 Bxe6 16. Rad1 a5 17. Na4 Rad8 18. b3 Rd4 19. Nc3 Red8 20. f4 Rxd1 21. Rxd1
Rxd1+ 22. Nxd1 exf4 23. Bxf4 Qd7 24. e5 Ne8 25. Nf2 f6 26. Nd3 fxe5 27. Nxe5
Qe7 28. Nf3 Bf6 29. g4 Bc8 30. Qxe7 Bxe7 31. Be3 Nf6 32. Nd2 Kf7 33. Kg2 Be6
34. Bd3 Bd6 35. Nf3 Ke7 36. Nd4 Bf7 37. Ne2 Nd7 38. Bd2 Bb4 39. Bxb4+ axb4 40.
Kf2 Nc5 41. Bc2 Kf6 42. Kf3 1/2-1/2

[Event "9. Lichtenberger Sommer 2010"]
[Site "Berlin"]
[Date "2010.08.13"]
[Round "7.36"]
[White "Schildt, René"]
[Black "Barwich, Alfred"]
[Result "1-0"]
[WhiteElo "1973"]
[BlackElo "1909"]
[PlyCount "73"]
[EventDate "2010.??.??"]
[WhiteTeam "SC Zugzwang 95 e.V."]
[BlackTeam "SV Berolina Mitte e.V."]

1. e4 c6 2. d4 d5 3. Nc3 dxe4 4. Nxe4 Bf5 5. Ng3 Bg6 6. Nf3 Nd7 7. h4 h6 8. h5
Bh7 9. Bd3 Bxd3 10. Qxd3 e6 11. Bf4 Ngf6 12. O-O-O Be7 13. Kb1 Nd5 14. Bc1 N7f6
15. c4 Nb6 16. Qc2 Qc7 17. Ne2 Rd8 18. Bf4 Qc8 19. Ne5 Nbd7 20. f3 O-O 21. g4
Nh7 22. Nc3 Nxe5 23. dxe5 Rxd1+ 24. Rxd1 Rd8 25. Ne4 Rxd1+ 26. Qxd1 Qc7 27. a3
c5 28. Qa4 b6 29. Qe8+ Nf8 30. Nd6 Bxd6 31. exd6 Qd7 32. Qe7 a6 33. g5 hxg5 34.
Bxg5 Qc6 35. Ka2 Qc8 36. Qc7 Qd7 37. Be7 1-0

[Event "9. Lichtenberger Sommer 2010"]
[Site "Berlin"]
[Date "2010.08.13"]
[Round "7.37"]
[White "Ewald, Patrick"]
[Black "Kühnemund, Lutz"]
[Result "1-0"]
[WhiteElo "1890"]
[BlackElo "2131"]
[PlyCount "59"]
[EventDate "2010.??.??"]
[WhiteTeam "vereinslos"]
[BlackTeam "SC Friesen Lichtenberg e.V."]

1. e4 e6 2. d3 d5 3. Nd2 Nf6 4. e5 Nfd7 5. Ngf3 c5 6. g3 Nc6 7. Qe2 Qc7 8. Nb3
Ncxe5 9. Bf4 Nxf3+ 10. Qxf3 Bd6 11. O-O-O Nf6 12. h4 Bd7 13. Bh6 gxh6 14. Qxf6
Be5 15. Qxh6 O-O-O 16. Qh5 Be8 17. Bh3 Kb8 18. Rhe1 Bd6 19. c4 Ba4 20. Rd2 b5
21. cxd5 exd5 22. Kb1 Bxg3 23. fxg3 Qxg3 24. Qe5+ Qxe5 25. Rxe5 c4 26. Nc5 Rhg8
27. Nxa4 Rg1+ 28. Kc2 bxa4 29. dxc4 Rc8 30. Bxc8 1-0

[Event "9. Lichtenberger Sommer 2010"]
[Site "Berlin"]
[Date "2010.08.13"]
[Round "7.38"]
[White "Muskewitz, Bernd"]
[Black "Hantusch, Ralf"]
[Result "1-0"]
[WhiteElo "2017"]
[BlackElo "1867"]
[PlyCount "71"]
[EventDate "2010.??.??"]
[WhiteTeam "TSG Oberschöneweide e.V."]
[BlackTeam "SV Bau-Union e.V."]

1. d4 d5 2. g3 g6 3. Bg2 Bg7 4. Nf3 Nf6 5. c4 dxc4 6. Ne5 O-O 7. Na3 Na6 8.
Naxc4 c5 9. e3 Nd7 10. O-O Nxe5 11. Nxe5 Qc7 12. f4 Rd8 13. Qb3 e6 14. Rd1 cxd4
15. exd4 Qb6 16. Qxb6 axb6 17. Be3 Nb4 18. Rdc1 Nd5 19. Kf2 Bf8 20. a3 Bd7 21.
Bxd5 exd5 22. Rc7 Bc6 23. Nxc6 bxc6 24. Rxc6 b5 25. Bd2 b4 26. a4 Ra5 27. b3
Rb8 28. Rac1 Kg7 29. Rc8 Rb7 30. R1c7 Rb6 31. Rd7 Re6 32. Rb7 Re4 33. Rxf8 Rxd4
34. Rfxf7+ Kg8 35. Rfc7 Rxd2+ 36. Ke3 1-0

[Event "9. Lichtenberger Sommer 2010"]
[Site "Berlin"]
[Date "2010.08.13"]
[Round "7.39"]
[White "Boeck, Rüdiger"]
[Black "Welz, Peter"]
[Result "0-1"]
[WhiteElo "1779"]
[BlackElo "2162"]
[PlyCount "54"]
[EventDate "2010.??.??"]
[WhiteTeam "SC Weisse Dame Ulm e.V."]
[BlackTeam "SV Empor Berlin e.V."]

1. e4 e6 2. d4 d5 3. exd5 exd5 4. Nf3 Bg4 5. Be2 Bd6 6. O-O Ne7 7. Re1 O-O 8.
h3 Bf5 9. Bd3 Nd7 10. Rxe7 Bxh3 11. Re1 Bg4 12. Bxh7+ Kxh7 13. Ng5+ Qxg5 14.
Bxg5 Bxd1 15. Rxd1 Rfe8 16. Nc3 c6 17. Re1 Bb4 18. Bd2 Kg6 19. Kf1 Rh8 20. g3
Rh2 21. a3 Bxc3 22. Bxc3 Nf6 23. f3 Rah8 24. Rac1 Nh5 25. Rb1 Nxg3+ 26. Kg1 Nf5
27. Ba5 Rh1+ 0-1

[Event "9. Lichtenberger Sommer 2010"]
[Site "Berlin"]
[Date "2010.08.13"]
[Round "7.40"]
[White "Keusch, Horst"]
[Black "Elsing, Jan"]
[Result "0-1"]
[WhiteElo "1953"]
[BlackElo "2140"]
[PlyCount "96"]
[EventDate "2010.??.??"]
[WhiteTeam "SC Friesen Lichtenberg e.V."]
[BlackTeam "SC Friesen Lichtenberg e.V."]

1. f4 g6 2. Nf3 Bg7 3. e4 c5 4. d3 d6 5. Be2 Nc6 6. O-O e6 7. c3 Nge7 8. Qe1
O-O 9. Qh4 f5 10. Ng5 h6 11. Nf3 Rb8 12. a4 a6 13. Nbd2 b5 14. axb5 axb5 15.
Nb3 b4 16. c4 Nd4 17. Nbxd4 cxd4 18. e5 Nc6 19. Qg3 dxe5 20. Qxg6 Rf6 21. Qg3
e4 22. Ne5 Bb7 23. Bd2 e3 24. Be1 Rf8 25. Ra4 b3 26. Bb4 Rf6 27. Rfa1 Nxe5 28.
fxe5 f4 29. Qh3 Rg6 30. Bf3 Bxe5 31. Bxb7 Rxb7 32. Ra8 Bb8 33. Ba5 Qd7 34. Qf3
Kh7 35. Kh1 Rg8 36. c5 Qd5 37. c6 Qxf3 38. gxf3 Rbg7 39. Bb6 e5 40. R8a3 Rg6
41. Rc1 Rc8 42. Ra8 Rgxc6 43. Rxc6 Rxc6 44. Rxb8 e2 45. Ba5 Rc3 46. bxc3 e1=Q+
47. Kg2 Qe2+ 48. Kg1 b2 0-1

[Event "9. Lichtenberger Sommer 2010"]
[Site "Berlin"]
[Date "2010.08.13"]
[Round "7.41"]
[White "Fleischmann, Torsten"]
[Black "Badestein, Hartmut"]
[Result "0-1"]
[WhiteElo "1888"]
[BlackElo "2159"]
[PlyCount "66"]
[EventDate "2010.??.??"]
[WhiteTeam "Treptower SV 1949 e.V."]
[BlackTeam "SC Friesen Lichtenberg e.V."]

1. d4 Nf6 2. Nf3 g6 3. g3 Bg7 4. Bg2 O-O 5. O-O d6 6. c4 Nbd7 7. Nc3 e5 8. dxe5
dxe5 9. Qc2 c6 10. b4 Re8 11. Rb1 Nf8 12. b5 Qc7 13. Rd1 Bf5 14. e4 Bg4 15. Ba3
Red8 16. bxc6 bxc6 17. Rxd8 Rxd8 18. Rd1 Bxf3 19. Bxf3 Ne6 20. Bg2 h5 21. Rxd8+
Qxd8 22. Kf1 Ng4 23. h3 Nf6 24. h4 Ng4 25. Bh3 Nd4 26. Qa4 Nxf2 27. Kxf2 Qf6+
28. Bf5 gxf5 29. Nd5 cxd5 30. exd5 f4 31. Qd1 fxg3+ 32. Kxg3 Qf4+ 33. Kg2 Qe4+
0-1

[Event "9. Lichtenberger Sommer 2010"]
[Site "Berlin"]
[Date "2010.08.13"]
[Round "7.42"]
[White "Mehringer, Jörg"]
[Black "Krefenstein, Sergej"]
[Result "1/2-1/2"]
[WhiteElo "1894"]
[BlackElo "2045"]
[PlyCount "94"]
[EventDate "2010.??.??"]
[WhiteTeam "SC Weisse Dame e.V."]
[BlackTeam "vereinslos"]

1. e4 e5 2. Nf3 Nc6 3. Bc4 Nf6 4. Ng5 d5 5. exd5 b5 6. Bf1 h6 7. Nxf7 Kxf7 8.
dxc6 Bc5 9. d3 Rf8 10. Be3 Bxe3 11. fxe3 Ng4 12. Nc3 Qg5 13. Qe2 Bf5 14. O-O-O
Nxe3 15. Rd2 Bg4 16. Ne4 Qf4 17. Qf2 Ke7 18. h3 Be6 19. Qxf4 Rxf4 20. Be2 Bd5
21. Bf3 Nf5 22. Re1 Bxc6 23. Nc3 Bxf3 24. gxf3 Rxf3 25. Rxe5+ Kf6 26. Rxb5 c6
27. Ne4+ Ke6 28. Rc5 Kd7 29. Rf2 Rxf2 30. Nxf2 Rf8 31. Ra5 Nd4 32. Rxa7+ Ke6
33. Ne4 g5 34. Rh7 Nf5 35. Rc7 Ne7 36. Nc5+ Kd6 37. Rd7+ Kxc5 38. Rxe7 Rf3 39.
Re5+ Kd6 40. d4 Rxh3 41. a4 g4 42. Kd2 Rh2+ 43. Ke3 Rxc2 44. Rh5 Rxb2 45. Rxh6+
Kc7 46. Rg6 Ra2 47. Rxg4 Rxa4 1/2-1/2